000
00312nam a22001337a 4500
008
181016b xxu||||| |||| 00| 0 eng d
020
_a
9781451172683
041
_a
eng
080
_2
30 ED
_a
615.15
100
_a
9
101
_a
HEM
245
_a
Wintrobes Clinicaln Hematology
_c
Joh.P.G
942
_2
udc
_c
BK
999
_c
49895
_d
49895